000 00640nam a22002057a 4500
003 NUST
005 20221227120210.0
008 190716b ||||| |||| 00| 0 eng d
038 _aMr. Zahoor
082 _a621.3
100 _aAhmed, Zohaib
_917728
245 _aDetection and Prevention of Mirai botnet Using Public Blockchain /
_cZohaib Ahmed
260 _aIslambad :
_bSEECS - NUST,
_c2019.
300 _aix, 40 p. : ill. ;
_c30cm.
500 _aHard cover.
650 _aIT - MS Thesis
_916345
700 _aDr. Hassaan Khaliq Qureshi
_917729
856 _uhttp://10.250.8.41:8080/xmlui/handle/123456789/31894
942 _2ddc
_cTHE
999 _c526737
_d526737